[Event "NB-Einzel Untergriesbach"]
[Site "Niederbayern"]
[Date "2013.04.07"]
[Round "7.8"]
[White "Heyne, Regina"]
[Black "Neuwerth, Chulian"]
[Result "1-0"]
[WhiteElo "1745"]
[BlackElo "1358"]
[PlyCount "107"]
[EventDate "2013.04.??"]
[EventType "swiss"]
[EventRounds "7"]
[EventCountry "GER"]
[SourceDate "2015.06.26"]
[WhiteTeam "FC Bayern München"]
[BlackTeam "SC Castra Batava Passau"]
[WhiteTeamCountry "GER"]
[BlackTeamCountry "GER"]

1. d4 Nf6 2. c4 c5 3. Nf3 cxd4 4. Nxd4 e5 5. Nb3 Nc6 6. e3 d5 7. Be2 Bf5 8. O-O
Bb4 9. a3 Ba5 10. Bd2 Bxd2 11. Qxd2 O-O 12. Nc3 dxc4 13. Bxc4 Qxd2 14. Nxd2
Rad8 15. Nb3 Ne4 16. Nxe4 Bxe4 17. Rac1 Ne7 18. f3 Bd5 19. e4 Bxc4 20. Rxc4 b6
21. Rc7 Nc8 22. Rfc1 a5 23. R1c6 h6 24. Nc1 a4 25. Ne2 b5 26. Nc3 Nd6 27. Rc5
Rb8 28. Rxe5 Nc4 29. Rxb5 Rxb5 30. Nxb5 Nxb2 31. Ra7 Rd8 32. Nc3 Rd3 33. Nxa4
Rxa3 34. Ra8+ Kh7 35. Nb6 Rxa8 36. Nxa8 Nc4 37. Nc7 f6 38. Kf2 g5 39. Nd5 Kg6
40. Kg3 Nd6 41. Ne7+ Kg7 42. Nf5+ Nxf5+ 43. exf5 Kh7 44. f4 gxf4+ 45. Kxf4 Kg7
46. Ke4 Kf7 47. Kd5 Ke7 48. Kc6 h5 49. h4 Kf7 50. Kd6 Kg8 51. Ke6 Kg7 52. Ke7
Kh6 53. Kxf6 Kh7 54. Kg5 1-0

[Event "NB-Einzel Untergriesbach"]
[Site "Niederbayern"]
[Date "2013.04.07"]
[Round "7.9"]
[White "Haselbeck, Franz"]
[Black "Seidl, Josef"]
[Result "1-0"]
[WhiteElo "1856"]
[BlackElo "1258"]
[PlyCount "119"]
[EventDate "2013.04.??"]
[EventType "swiss"]
[EventRounds "7"]
[EventCountry "GER"]
[SourceDate "2015.06.26"]
[WhiteTeam "SV Deggendorf"]
[BlackTeam "TSV Kreuzberg"]
[WhiteTeamCountry "GER"]
[BlackTeamCountry "GER"]

1. Nf3 d5 2. g3 Nf6 3. Bg2 g6 4. O-O Bg7 5. d3 O-O 6. Nbd2 Nbd7 7. e4 c6 8. c3
Qc7 9. Re1 Ng4 10. exd5 Nge5 11. d4 Nxf3+ 12. Qxf3 e5 13. dxc6 e4 14. Qxe4 Nf6
15. Qe5 Qb6 16. Nc4 Qa6 17. Qc5 b6 18. Qb4 Be6 19. Rxe6 fxe6 20. c7 Nd5 21.
Bxd5 exd5 22. Nd6 Qe2 23. Be3 Bh6 24. Qb5 Qf3 25. Qd3 Bxe3 26. Qxe3 Qf6 27.
c8=Q Raxc8 28. Nxc8 Rxc8 29. Re1 Qf5 30. Qe6+ Qxe6 31. Rxe6 Rd8 32. Re7 a6 33.
Re6 b5 34. Rxa6 b4 35. cxb4 Kf7 36. Ra7+ Kf6 37. Rxh7 g5 38. Rc7 Kf5 39. Kf1
Ke4 40. Rg7 Kxd4 41. Rxg5 Kd3 42. b5 d4 43. Re5 Kc2 44. Re2+ Kb1 45. a4 d3 46.
Rd2 Ka2 47. b6 Kb3 48. a5 Kc4 49. b7 Kb5 50. b8=Q+ Rxb8 51. Rxd3 Kxa5 52. b3
Re8 53. h4 Kb4 54. h5 Re6 55. g4 Ra6 56. g5 Ka3 57. g6 Kb2 58. g7 Ra8 59. h6
Kc2 60. h7 1-0

[Event "NB-Einzel Untergriesbach"]
[Site "Niederbayern"]
[Date "2013.04.07"]
[Round "7.10"]
[White "Pauli, Anton"]
[Black "Kreilinger, Erich"]
[Result "0-1"]
[WhiteElo "1133"]
[BlackElo "1850"]
[PlyCount "130"]
[EventDate "2013.04.??"]
[EventType "swiss"]
[EventRounds "7"]
[EventCountry "GER"]
[SourceDate "2015.06.26"]
[WhiteTeam "SV Röhrnbach e.V."]
[BlackTeam "TV 1862 Geiselhöring"]
[WhiteTeamCountry "GER"]
[BlackTeamCountry "GER"]

1. e4 d6 2. Nf3 g6 3. c3 Bg7 4. Bc4 Nd7 5. Qb3 e6 6. O-O Ngf6 7. d3 h6 8. Qd1
O-O 9. Re1 a6 10. Nd4 Ne5 11. Bb3 c5 12. Nf3 Nxf3+ 13. Qxf3 e5 14. h3 Qe7 15.
Nd2 b5 16. c4 Kh7 17. Nf1 Be6 18. Ne3 Rab8 19. Bd2 Qd8 20. Rab1 Kh8 21. Kh1 Qc8
22. Kg1 Ng8 23. Kh1 Ne7 24. Rf1 f5 25. Qe2 Nc6 26. Nc2 f4 27. f3 b4 28. a3 a5
29. a4 g5 30. Be1 h5 31. Rf2 Rf6 32. Bd2 g4 33. Ra1 g3 34. Rff1 Bxh3 35. Rfb1
Be6 36. Qe1 Rh6 37. Kg1 h4 38. Kf1 Kg8 39. Ke2 Kf7 40. Qg1 Qd7 41. Re1 Rbh8 42.
Kd1 Ke8 43. Re2 Bf6 44. Kc1 h3 45. gxh3 Rxh3 46. Kb1 Rh1 47. Ka2 Rxg1 48. Rxg1
Rh4 49. Be1 Rh3 50. Reg2 Kf8 51. Bxg3 fxg3 52. Rxg3 Rxg3 53. Rxg3 Qh7 54. Rg1
Qh2 55. Rf1 Qe2 56. Re1 Qxd3 57. Re3 Qd2 58. Kb1 Bg5 59. Re1 Nd4 60. Rh1 Nxb3
61. Na1 Bxc4 62. Rh8+ Kf7 63. Rh7+ Kg8 64. Rh1 Nd4 65. f4 Qd3+ 0-1